عرض عادي
عرض مارك
- Nillsen, Rodney Victor,
مدخل إسم شخص
001 - رقم الضبط
- حقل الضبط: 10664
003 - معرف رقم الضبط
- حقل الضبط: OSt
005 - تاريخ ووقت أخر عملية
- حقل الضبط: 20120411014334.0
008 - عناصر بيانات ثابتة الطول
- حقل تحكم ثابت الطول: 120411|||a|||||| | ||| d
040 ## - مصدر الفهرسة
- هيئة الفهرسة الأصلية: OSt
- وكالة الكتابة: OSt
100 ## - مدخل -- أسم شخص
- إسم شخص: Nillsen, Rodney Victor,
- تواريخ مرتبطة بالاسم: 1945-
670 ## - بيانات المصدر موجوده
- الاستشهاد بالمصدر: Work cat.: (OSt)0: Nillsen, Rodney Victor, 1945-, Randomness and recurrence in dynamical systems :, c2010.
